00207nam a2200085Ia 4500008004100000041000800041082000800049100001700057245004700074230627s9999 xx 000 0 und d aeng bSAL aSalunkhe M B aDeshbhakta Tulashidas jadhav Gaurav Granth